Geografia cestovného ruchu

Gespeichert in:
Bibliographische Detailangaben
1. Verfasser: Plesník, Pavol, 1956-
Weitere Verfasser: Benčič, Stanislav, Lacika, Ján
Format: Buch
Sprache:Slowakisch
Veröffentlicht: Praha Vysoká škola cestovního ruchu a teritoriálních studií 2010
Ausgabe:1. vydání
Schlagworte:
Tags: Tag hinzufügen
Keine Tags, Fügen Sie das erste Tag hinzu!

MARC

LEADER 00000nam$a2200000$$$4500
001 0117134
005 20240502083305.6
020 |a 978-80-254-7253-8 
041 0 |a slo 
044 |a CZ 
245 1 0 |a Geografia cestovného ruchu  |c Pavol Plesník ; recenzenti: Stanislav Benčič, Ján Lacika 
250 |a 1. vydání 
264 1 |a Praha  |b Vysoká škola cestovního ruchu a teritoriálních studií  |c 2010 
300 |a 93 s. [5,70 AH] 
610 2 0 |a ruch cestovný 
610 2 0 |a ruch cestovný zahraničný 
610 2 0 |a ruch cestovný medzinárodný 
610 2 0 |a geografia 
610 2 0 |a euroregióny 
610 2 0 |a Európa 
610 2 0 |a Amerika 
610 2 0 |a Afrika 
610 2 0 |a Ázia 
610 2 0 |a Austrália 
610 2 0 |a Oceánia 
100 1 |a Plesník, Pavol, 1956- 
700 1 |a Benčič, Stanislav 
700 1 |a Lacika, Ján